000
00316nam a2200109Ia 4500
008
200302s9999 xx 000 0 und d
100
_a
Tiaiana and Gianni Baldizzone
245
_a
Timeless India People & Culture of Kutch Rajasthan & Orissa
260
_b
Mapin Publishing Pvt. Ltd.
260
_c
1997
300
_a
128 P.,
999
_c
1622
_d
1622